000 00607nam a2200169Ia 4500
008 130821s1901 ck gr spa
040 _aCo-BoUCM
_bspa
041 0 0 _aspa
110 1 _aPerú.
_bMinisterio de Relaciones Exteriores
245 1 0 _aCircular sobre la cuestión Tacna y Arica
_cMinisterio de Relaciones Exteriores
260 _aBogotá (Colombia)
_bImprenta de la Crónica
_c1901
300 _a368 páginas
650 0 4 _aCuestión de Tacna y Arica
_912327
651 7 _aChile
_xHistoria
_y1886-1896
_926603
942 _cLIBRO
_a21
_e1
_mP37cl
_2DEWEY
_h983.06
999 _c62064
_d62064